[Event "GBR-ch107 U8"]
[Site "Milton Keynes"]
[Date "2021.10.02"]
[Round "4.9"]
[White "Laddhad, Laksh"]
[Black "Pradhan, Ayan"]
[Result "0-1"]
[WhiteElo "927"]
[BlackElo "500"]
[PlyCount "124"]
[EventDate "2021.10.02"]
[EventType "swiss"]
[EventRounds "7"]
[EventCountry "GBR"]
[SourceTitle "BritBase"]
[Source "John Saunders"]
[SourceDate "2021.06.05"]
[SourceVersion "1"]
[SourceVersionDate "2021.06.05"]
[SourceQuality "1"]

1. d4 Nf6 2. Nc3 g6 3. b3 Bg7 4. Bb2 O-O 5. g3 d6 6. Bg2 e5 7. dxe5 dxe5 8. Nf3
e4 9. Nd4 c5 10. Ndb5 Na6 11. O-O Qe7 12. Na3 Rd8 13. Qc1 Nc7 14. Nc4 b5 15.
Ne3 Rb8 16. Rd1 Bb7 17. a4 b4 18. Nb5 Nxb5 19. axb5 Ra8 20. Rxd8+ Rxd8 21. Ra4
Qd7 22. c3 bxc3 23. Qxc3 Nh5 24. Qc2 Qxb5 25. Bxe4 Bxe4 26. Qxe4 Re8 27. Qc4
Qxc4 28. Rxc4 Bxb2 29. Rxc5 Bd4 30. Rd5 Bxe3 31. fxe3 Rxe3 32. Rd2 Rxb3 33.
Rd8+ Kg7 34. Ra8 Ra3 35. Kf2 a5 36. e3 a4 37. g4 Ra2+ 38. Kf3 a3 39. gxh5 Ra1
40. Kg3 a2 41. Kh3 gxh5 42. Kh4 Re1 43. Rxa2 Rxe3 44. Rg2+ Kh6 45. Rf2 Re7 46.
Rf5 Kg6 47. Rg5+ Kh6 48. Rxh5+ Kg7 49. Rg5+ Kf6 50. Rh5 Re4+ 51. Kh3 Kg6 52.
Rh4 Rxh4+ 53. Kxh4 f5 54. Kg3 h6 55. Kf4 Kf7 56. h3 Ke6 57. Ke3 Ke5 58. Kf3 f4
59. h4 Kf5 60. h5 Kg5 61. Ke4 Kg4 62. Ke5 f3 0-1

[Event "GBR-ch107 U8"]
[Site "Milton Keynes"]
[Date "2021.10.03"]
[Round "5.1"]
[White "Jakhria, Kushal"]
[Black "Zhao, George"]
[Result "0-1"]
[WhiteElo "1069"]
[BlackElo "1315"]
[PlyCount "52"]
[EventDate "2021.10.02"]
[EventType "swiss"]
[EventRounds "7"]
[EventCountry "GBR"]
[SourceTitle "BritBase"]
[Source "John Saunders"]
[SourceDate "2021.06.05"]
[SourceVersion "1"]
[SourceVersionDate "2021.06.05"]
[SourceQuality "1"]

1. d4 e6 2. c4 d5 3. Nf3 Nf6 4. g3 dxc4 5. Qa4+ Nbd7 6. Bg2 a6 7. Nc3 Rb8 8.
Qxc4 b5 9. Qd3 Bb7 10. O-O Bd6 11. e4 Be7 12. Nd2 c5 13. Qe3 cxd4 14. Qxd4 Bc5
15. Qd3 O-O 16. a3 Ne5 17. Qe2 Rc8 18. Kh1 Qd7 19. Rd1 Nd3 20. Nb3 Nxf2+ 21.
Kg1 Nxd1+ 22. Nxc5 Nxc3 23. Nxd7 Nxe2+ 24. Kf2 Nxd7 25. Kxe2 Rc2+ 26. Kf1 Rfc8
0-1

[Event "GBR-ch107 U8"]
[Site "Milton Keynes"]
[Date "2021.10.03"]
[Round "5.2"]
[White "Sivanandan, Bodhana"]
[Black "Deepak Ambattu, Rithvik"]
[Result "1-0"]
[WhiteElo "1345"]
[BlackElo "1285"]
[PlyCount "109"]
[EventDate "2021.10.02"]
[EventType "swiss"]
[EventRounds "7"]
[EventCountry "GBR"]
[SourceTitle "BritBase"]
[Source "John Saunders"]
[SourceDate "2021.06.05"]
[SourceVersion "1"]
[SourceVersionDate "2021.06.05"]
[SourceQuality "1"]

1. e4 e5 2. Nf3 Nc6 3. Nc3 Nf6 4. d4 exd4 5. Nxd4 Bb4 6. Nxc6 bxc6 7. Bd3 d5 8.
exd5 O-O 9. O-O cxd5 10. Bd2 c5 11. b3 Bg4 12. f3 Bh5 13. a3 Ba5 14. Rb1 Bc7
15. Nb5 a6 16. Nxc7 Qxc7 17. c4 dxc4 18. Bxc4 Rad8 19. Qc1 Rfe8 20. Bg5 Qe5 21.
Qf4 Qd4+ 22. Qxd4 cxd4 23. Rbd1 Rd6 24. Rfe1 h6 25. Bxf6 Rxe1+ 26. Rxe1 Rxf6
27. Re8+ Kh7 28. Rd8 Rf4 29. Bxa6 Bg6 30. Kf2 Bc2 31. b4 Kg6 32. b5 Bd3 33. g3
Rf5 34. a4 Be4 35. f4 Rc5 36. Rxd4 f5 37. b6 Rc2+ 38. Ke1 Rxh2 39. a5 Kh5 40.
Bd3 Rh1+ 41. Kd2 Ra1 42. Bxe4 fxe4 43. b7 Rb1 44. a6 e3+ 45. Kxe3 Kg4 46. a7
Rxb7 47. a8=Q Re7+ 48. Re4 Rf7 49. Kf2 g5 50. Qg8 Rf5 51. Qe6 h5 52. Re5 Kh3
53. Qxf5+ Kh2 54. Qxg5 Kh1 55. Qh4# 1-0

[Event "GBR-ch107 U8"]
[Site "Milton Keynes"]
[Date "2021.10.03"]
[Round "5.3"]
[White "Lishoy Gengis Paratazham, Dildarav"]
[Black "Han, Qixiang"]
[Result "1-0"]
[WhiteElo "1272"]
[BlackElo "888"]
[PlyCount "63"]
[EventDate "2021.10.02"]
[EventType "swiss"]
[EventRounds "7"]
[EventCountry "GBR"]
[SourceTitle "BritBase"]
[Source "John Saunders"]
[SourceDate "2021.06.05"]
[SourceVersion "1"]
[SourceVersionDate "2021.06.05"]
[SourceQuality "1"]

1. e4 c5 2. Nf3 d6 3. d4 cxd4 4. Nxd4 Nf6 5. Nc3 a6 6. Bg5 e6 7. f4 Be7 8. Bd3
h6 9. Bh4 Nxe4 10. Bxe7 Nxc3 11. Bxd8 Nxd1 12. Rxd1 Kxd8 13. Nf3 Ke7 14. O-O
Nc6 15. Rfe1 Re8 16. f5 e5 17. a3 Kf8 18. Be4 Ke7 19. b4 Bd7 20. c4 b5 21. c5
dxc5 22. bxc5 Rac8 23. Bxc6 Bxc6 24. Nxe5 Kf6 25. Rd6+ Kxf5 26. g4+ Kf4 27.
Rd4+ Kg5 28. Kf2 f6 29. Rd6 Rxe5 30. Rxe5+ fxe5 31. Kg3 e4 32. h4# 1-0

[Event "GBR-ch107 U8"]
[Site "Milton Keynes"]
[Date "2021.10.03"]
[Round "5.4"]
[White "Verbytski, Oleg"]
[Black "Veselow, Zoe"]
[Result "1-0"]
[WhiteElo "1368"]
[BlackElo "1338"]
[PlyCount "55"]
[EventDate "2021.10.02"]
[EventType "swiss"]
[EventRounds "7"]
[EventCountry "GBR"]
[SourceTitle "BritBase"]
[Source "John Saunders"]
[SourceDate "2021.06.05"]
[SourceVersion "1"]
[SourceVersionDate "2021.06.05"]
[SourceQuality "1"]

1. e4 e5 2. Nf3 Nc6 3. Bc4 Nf6 4. d4 exd4 5. O-O d5 6. exd5 Nxd5 7. Nxd4 Be7 8.
Nc3 Nxc3 9. bxc3 O-O 10. Nxc6 bxc6 11. Qf3 Qd6 12. Bf4 Qc5 13. Bd3 Bd6 14. Bd2
Be6 15. Rfe1 Bd5 16. Qh5 g6 17. Qh4 Rfe8 18. c4 Be6 19. Bc3 Bf8 20. Qf6 Qxf2+
21. Kxf2 Bc5+ 22. Kf1 Kf8 23. Rxe6 Rxe6 24. Qh8+ Ke7 25. Qxa8 Rf6+ 26. Bxf6+
Kxf6 27. Qh8+ Ke7 28. Re1+ 1-0

[Event "GBR-ch107 U8"]
[Site "Milton Keynes"]
[Date "2021.10.03"]
[Round "5.5"]
[White "Keerthi Kumar, Advait"]
[Black "Gao, Alex"]
[Result "1-0"]
[WhiteElo "1492"]
[BlackElo "1015"]
[PlyCount "203"]
[EventDate "2021.10.02"]
[EventType "swiss"]
[EventRounds "7"]
[EventCountry "GBR"]
[SourceTitle "BritBase"]
[Source "John Saunders"]
[SourceDate "2021.06.05"]
[SourceVersion "1"]
[SourceVersionDate "2021.06.05"]
[SourceQuality "1"]

1. e4 e5 2. Nf3 Nc6 3. Bc4 Nf6 4. d4 exd4 5. O-O Nxe4 6. Re1 d5 7. Bxd5 Qxd5 8.
Nc3 Qa5 9. Nxe4 Be6 10. Bg5 Bb4 11. Nfd2 h6 12. Nb3 Qf5 13. Bd2 O-O 14. Bxb4
Nxb4 15. Nxd4 Qg6 16. Nxe6 fxe6 17. c3 Rad8 18. Qb3 Nd3 19. Re3 Rf4 20. Ng3 Nc5
21. Qb5 b6 22. Rae1 Rd2 23. f3 Qc2 24. R3e2 Nd3 25. Rxd2 Qxd2 26. Rf1 Qe3+ 27.
Kh1 Nf2+ 28. Rxf2 Qxf2 29. Qe8+ Kh7 30. Qxe6 Rf6 31. Qe4+ Kg8 32. Qe8+ Rf8 33.
Qe6+ Kh8 34. Qe7 Qc5 35. Qe2 Qd6 36. Qe1 Rd8 37. Nf1 Qd1 38. Qf2 Re8 39. h3 Re1
40. Kg1 Re2 41. Qg3 Qe1 42. Qg4 Qf2+ 43. Kh2 Re8 44. Ng3 Qxb2 45. Qd4 Qb5 46.
c4 Qe5 47. Qg4 h5 48. Qh4 Re6 49. f4 Qc5 50. Nxh5 Rh6 51. Qd8+ Kh7 52. Qd3+ Kg8
53. Qd8+ Qf8 54. Qd5+ Qf7 55. Qd8+ Kh7 56. Ng3 Qxf4 57. Qd3+ Kg8 58. Qd8+ Qf8
59. Qd5+ Kh8 60. Qe5 Qf6 61. Qxc7 Kh7 62. c5 bxc5 63. Qxc5 Qb6 64. Qf5+ Qg6 65.
Qc5 a6 66. a4 Rh4 67. a5 Rh6 68. Qe5 Qd6 69. Qf5+ Qg6 70. Qe5 Rh4 71. Qc7 Rb4
72. Qe5 Rb3 73. Qf4 Rb5 74. Qa4 Rg5 75. Qa3 Kh6 76. Qf8 Rxg3 77. Qh8+ Kg5 78.
Kxg3 Kf5+ 79. Kf2 Qc6 80. Qh5+ Ke6 81. Qg6+ Kd5 82. Qxc6+ Kxc6 83. g4 Kb5 84.
h4 Kxa5 85. h5 Kb4 86. g5 a5 87. h6 gxh6 88. gxh6 Kb3 89. h7 a4 90. h8=Q a3 91.
Qa1 a2 92. Ke2 Ka3 93. Kd3 Kb3 94. Kd2 Ka3 95. Kc3 Ka4 96. Qxa2+ Kb5 97. Qc4+
Kb6 98. Kb4 Ka7 99. Qb5 Ka8 100. Kc5 Ka7 101. Kc6 Ka8 102. Qb7# 1-0

[Event "GBR-ch107 U8"]
[Site "Milton Keynes"]
[Date "2021.10.03"]
[Round "5.6"]
[White "Chen, George"]
[Black "Pitel, Benedikt"]
[Result "1/2-1/2"]
[WhiteElo "1113"]
[BlackElo "963"]
[PlyCount "186"]
[EventDate "2021.10.02"]
[EventType "swiss"]
[EventRounds "7"]
[EventCountry "GBR"]
[SourceTitle "BritBase"]
[Source "John Saunders"]
[SourceDate "2021.06.05"]
[SourceVersion "1"]
[SourceVersionDate "2021.06.05"]
[SourceQuality "1"]

1. e4 e5 2. Nf3 Nc6 3. Bc4 Bc5 4. c3 Nf6 5. d4 exd4 6. cxd4 Bb4+ 7. Nc3 Nxe4 8.
O-O Nxc3 9. bxc3 Bxc3 10. Ba3 d6 11. Rc1 Ba5 12. Qa4 O-O 13. d5 Ne7 14. Qxa5
Bf5 15. Qd2 Ng6 16. Rfe1 Qd7 17. Bb2 Rfe8 18. Qc3 f6 19. Nd4 Ne5 20. Bb5 c6 21.
dxc6 bxc6 22. Bxc6 Nxc6 23. Nxf5 Rec8 24. Qb3+ Kh8 25. Nd4 Rab8 26. Qa3 Ne5 27.
Rxc8+ Qxc8 28. Qc3 Nd3 29. Qxd3 Rxb2 30. Qc3 Rb8 31. Nc6 Ra8 32. Qe3 Qxc6 33.
Rc1 Qd7 34. Qe4 Re8 35. Qd4 Qe6 36. h3 Qd7 37. Rd1 Rd8 38. a4 d5 39. Rb1 Kg8
40. Rb5 Kf7 41. Ra5 Qc6 42. Rxa7+ Rd7 43. Ra5 Qc4 44. Qxc4 dxc4 45. Rc5 Rd1+
46. Kh2 Rc1 47. a5 c3 48. a6 c2 49. a7 Ra1 50. Rc7+ Kg6 51. Kg3 c1=Q 52. Rxc1
Rxa7 53. Rc3 Kh5 54. Rc5+ g5 55. Kh2 Kg6 56. g4 h5 57. Kg2 hxg4 58. hxg4 Rf7
59. Rf5 Re7 60. Kg3 Rd7 61. f3 Rd1 62. Ra5 Rg1+ 63. Kh2 Rf1 64. Kg2 Rb1 65. Ra2
Rb6 66. Kh2 f5 67. gxf5+ Kxf5 68. Kg3 Re6 69. Ra5+ Re5 70. Ra8 Re6 71. Rg8 Re1
72. Rf8+ Kg6 73. Rg8+ Kf5 74. Rf8+ Kg6 75. Kf2 Ra1 76. Rb8 Kf5 77. Rb5+ Kf4 78.
Rb4+ Kf5 79. Ke2 Ra2+ 80. Kf1 Ra3 81. Kg2 Ra2+ 82. Kg3 Ra1 83. Rb5+ Kg6 84. Kf2
Ra2+ 85. Ke3 Ra3+ 86. Ke4 Ra4+ 87. Ke5 Ra3 88. Rb6+ Kh5 89. Ke4 Ra4+ 90. Ke3
Ra3+ 91. Kf2 Ra2+ 92. Kg3 Ra1 93. Kf2 Ra2+ 1/2-1/2

[Event "GBR-ch107 U8"]
[Site "Milton Keynes"]
[Date "2021.10.03"]
[Round "5.7"]
[White "Kumar, Sachin"]
[Black "Pradhan, Ayan"]
[Result "0-1"]
[WhiteElo "1106"]
[BlackElo "500"]
[PlyCount "54"]
[EventDate "2021.10.02"]
[EventType "swiss"]
[EventRounds "7"]
[EventCountry "GBR"]
[SourceTitle "BritBase"]
[Source "John Saunders"]
[SourceDate "2021.06.05"]
[SourceVersion "1"]
[SourceVersionDate "2021.06.05"]
[SourceQuality "1"]

1. e4 e6 2. d4 d5 3. exd5 exd5 4. Nf3 Bd6 5. Bd3 Ne7 6. Be3 Bg4 7. Nbd2 Bf5 8.
O-O O-O 9. Rc1 Nd7 10. Qe2 Bxd3 11. cxd3 Rc8 12. Ng5 Nf6 13. Rfe1 b6 14. Nb3
Nf5 15. h3 Re8 16. a4 c5 17. dxc5 bxc5 18. Qd2 Nxe3 19. Rxe3 Rxe3 20. fxe3 c4
21. dxc4 dxc4 22. Na5 Bh2+ 23. Kxh2 Qxd2 24. Rxc4 Rxc4 25. Nxc4 Qb4 26. Ne5
Qxa4 27. Nexf7 h6 0-1

[Event "GBR-ch107 U8"]
[Site "Milton Keynes"]
[Date "2021.10.03"]
[Round "5.8"]
[White "Ong, Timothy"]
[Black "Maitret, Victor"]
[Result "0-1"]
[WhiteElo "1038"]
[BlackElo "1082"]
[PlyCount "140"]
[EventDate "2021.10.02"]
[EventType "swiss"]
[EventRounds "7"]
[EventCountry "GBR"]
[SourceTitle "BritBase"]
[Source "John Saunders"]
[SourceDate "2021.06.05"]
[SourceVersion "1"]
[SourceVersionDate "2021.06.05"]
[SourceQuality "1"]

1. e4 c5 2. c3 Nf6 3. e5 Nd5 4. d4 e6 5. Nf3 Nc6 6. Bc4 Nb6 7. Bd3 c4 8. Be2
Be7 9. O-O O-O 10. Bf4 Nd5 11. Bg3 b6 12. Bxc4 Nc7 13. Nbd2 Bb7 14. Qc2 d5 15.
exd6 Bxd6 16. Bxd6 Qxd6 17. Ne4 Qf4 18. Qd3 Na5 19. Ned2 Nxc4 20. Qxc4 Rac8 21.
Qd3 Ba6 22. Nc4 Nd5 23. Qd2 Bxc4 24. Qxf4 Nxf4 25. Rfe1 Nd3 26. Reb1 Rfd8 27.
b3 Ba6 28. c4 Nb4 29. Rd1 Bb7 30. Ne5 Nc2 31. Rac1 Nxd4 32. Kf1 f6 33. Nd3 Nf5
34. Nb4 Rxd1+ 35. Rxd1 Nh4 36. g3 Nf3 37. h4 a5 38. Nc2 Nh2+ 39. Kg1 Ng4 40.
Kf1 Ne5 41. Ne3 Nf7 42. Rd2 Rd8 43. Rxd8+ Nxd8 44. Ke2 Kf7 45. Kd3 Ke7 46. Kc3
Kd6 47. b4 Nc6 48. bxa5 bxa5 49. Kb3 Kc5 50. Ka4 Ba6 51. Kb3 Nd4+ 52. Kc3 e5
53. f3 Nxf3 54. Nf5 Bxc4 55. a3 g6 56. Ne3 Ba6 57. Ng4 f5 58. Nf2 e4 59. g4 e3
60. Nd3+ Bxd3 61. Kxd3 fxg4 62. Kxe3 Kc4 63. Kf4 Kb3 64. Kxg4 Kxa3 65. Kxf3 Kb2
66. Kg4 a4 67. Kg5 a3 68. Kh6 a2 69. Kxh7 a1=Q 70. Kxg6 Qg1+ 0-1

[Event "GBR-ch107 U8"]
[Site "Milton Keynes"]
[Date "2021.10.03"]
[Round "5.9"]
[White "Litvin, Theo"]
[Black "Kruger, Derik"]
[Result "1-0"]
[WhiteElo "760"]
[BlackElo "600"]
[PlyCount "151"]
[EventDate "2021.10.02"]
[EventType "swiss"]
[EventRounds "7"]
[EventCountry "GBR"]
[SourceTitle "BritBase"]
[Source "John Saunders"]
[SourceDate "2021.06.05"]
[SourceVersion "1"]
[SourceVersionDate "2021.06.05"]
[SourceQuality "1"]

1. e4 c6 2. d4 d5 3. e5 Bf5 4. Nf3 Nd7 5. Bf4 h6 6. Nc3 e6 7. Bd3 Bxd3 8. Qxd3
g6 9. O-O Bg7 10. Rfe1 Ne7 11. Qd2 Qc7 12. Rad1 O-O-O 13. b4 g5 14. Bg3 g4 15.
Nh4 h5 16. b5 Bh6 17. Bf4 Bxf4 18. Qxf4 Nf8 19. Qxf7 Nf5 20. Qxc7+ Kxc7 21. g3
Nxh4 22. gxh4 Rg8 23. Kg2 Ng6 24. Kg3 Rdf8 25. Re3 Rg7 26. Rd2 Rgf7 27. a4 Rf3+
28. Kg2 Nf4+ 29. Kf1 Nh3 30. Nd1 Nxf2 31. Rxf2 cxb5 32. Rexf3 gxf3 33. axb5 Rf4
34. Rd2 Rxh4 35. Kg1 Kb6 36. Nc3 Rg4+ 37. Kf2 Rg2+ 38. Ke3 h4 39. Rxg2 fxg2 40.
Kf2 h3 41. Ne2 Kxb5 42. Kg3 a5 43. Kxh3 a4 44. Kxg2 a3 45. Nc1 Kc4 46. h4 Kc3
47. h5 Kb2 48. h6 Kxc1 49. h7 a2 50. h8=Q a1=Q 51. Qh1+ Kb2 52. Qh7 Qb1 53.
Qxb7+ Kxc2 54. Qh7+ Kb2 55. Qb7+ Kc2 56. Qc6+ Kd3 57. Qxe6 Qc2+ 58. Kg3 Qc3 59.
Qxd5 Ke2+ 60. Kg4 Qc8+ 61. Kg5 Qc1+ 62. Kf6 Qf4+ 63. Ke7 Qg5+ 64. Kd6 Qg6+ 65.
Qe6 Qe4 66. Qc4+ Qd3 67. Qxd3+ Kxd3 68. e6 Kxd4 69. e7 Kc3 70. e8=Q Kb2 71. Qe3
Ka1 72. Qd2 Kb1 73. Kc5 Ka1 74. Kb4 Kb1 75. Ka3 Ka1 76. Qc1# 1-0

[Event "GBR-ch107 U8"]
[Site "Milton Keynes"]
[Date "2021.10.03"]
[Round "6.1"]
[White "Zhao, George"]
[Black "Sivanandan, Bodhana"]
[Result "1-0"]
[WhiteElo "1315"]
[BlackElo "1345"]
[PlyCount "117"]
[EventDate "2021.10.02"]
[EventType "swiss"]
[EventRounds "7"]
[EventCountry "GBR"]
[SourceTitle "BritBase"]
[Source "John Saunders"]
[SourceDate "2021.06.05"]
[SourceVersion "1"]
[SourceVersionDate "2021.06.05"]
[SourceQuality "1"]

1. d4 Nf6 2. c4 e6 3. g3 Bb4+ 4. Bd2 Bxd2+ 5. Qxd2 O-O 6. Bg2 d5 7. cxd5 exd5
8. Nf3 Nc6 9. O-O Bf5 10. Nc3 Ne4 11. Nxe4 dxe4 12. Nh4 Bg6 13. Nxg6 fxg6 14.
d5 Ne7 15. Bxe4 Qd6 16. Rad1 Rad8 17. Qc2 Nf5 18. Bg2 Rfe8 19. e4 Ne7 20. Rfe1
Nc8 21. Qc3 Nb6 22. e5 Qe7 23. d6 cxd6 24. exd6 Qd7 25. Rxe8+ Rxe8 26. Qc7 Rd8
27. Re1 Qxc7 28. dxc7 Rd2 29. Re8+ Kf7 30. c8=Q Nxc8 31. Rxc8 Rxb2 32. Rc7+ Kf6
33. Rxb7 Rxa2 34. Bd5 Rd2 35. Rf7+ Kg5 36. h4+ Kh6 37. Bf3 a5 38. g4 g5 39.
hxg5+ Kxg5 40. Rxg7+ Kh6 41. Ra7 Ra2 42. Bd5 Ra1+ 43. Kg2 a4 44. Bg8 Kg5 45.
Rg7+ Kf4 46. Bxh7 a3 47. Bf5 Rc1 48. Ra7 Ra1 49. Ra4+ Kg5 50. f4+ Kf6 51. Ra6+
Kg7 52. g5 Ra2+ 53. Kf3 Ra1 54. Ra7+ Kf8 55. g6 a2 56. g7+ Kg8 57. Be6+ Kh7 58.
g8=Q+ Kh6 59. Rh7# 1-0

[Event "GBR-ch107 U8"]
[Site "Milton Keynes"]
[Date "2021.10.03"]
[Round "6.2"]
[White "Deepak Ambattu, Rithvik"]
[Black "Jakhria, Kushal"]
[Result "0-1"]
[WhiteElo "1285"]
[BlackElo "1069"]
[PlyCount "92"]
[EventDate "2021.10.02"]
[EventType "swiss"]
[EventRounds "7"]
[EventCountry "GBR"]
[SourceTitle "BritBase"]
[Source "John Saunders"]
[SourceDate "2021.06.05"]
[SourceVersion "1"]
[SourceVersionDate "2021.06.05"]
[SourceQuality "1"]

1. e4 c5 2. d4 cxd4 3. c3 dxc3 4. Nxc3 Nc6 5. Nf3 e6 6. Bc4 a6 7. O-O b5 8. Bd3
Nge7 9. Bf4 Ng6 10. Bg3 Be7 11. a4 bxa4 12. Qxa4 O-O 13. Bb5 Bb7 14. Bd3 Qb6
15. Rfd1 Rfd8 16. Ne2 Rac8 17. Rac1 d5 18. e5 Nb4 19. Bxg6 hxg6 20. Qb3 a5 21.
Ned4 Ba6 22. h4 Rc4 23. Rc3 Bc5 24. Ne2 Rxc3 25. Nxc3 Bc4 26. Qa4 Nd3 27. Qa1
Bxf2+ 28. Bxf2 Nxf2 29. Rd4 Nd3 30. Na4 Qa7 31. Kh2 Nxe5 32. Rf4 Qc7 33. Kh1
Nd3 34. Rd4 e5 35. Rxd3 Bxd3 36. b3 e4 37. Ng5 Qg3 38. Qc1 Qxh4+ 39. Kg1 Qg4
40. Qc7 Qxg5 41. Qxa5 e3 42. Qe1 e2 43. Nc5 Qe3+ 44. Qf2 e1=Q+ 45. Kh2 Q3xf2
46. Ne6 Qh4# 0-1

[Event "GBR-ch107 U8"]
[Site "Milton Keynes"]
[Date "2021.10.03"]
[Round "6.3"]
[White "Pradhan, Ayan"]
[Black "Lishoy Gengis Paratazham, Dildarav"]
[Result "0-1"]
[WhiteElo "500"]
[BlackElo "1272"]
[PlyCount "140"]
[EventDate "2021.10.02"]
[EventType "swiss"]
[EventRounds "7"]
[EventCountry "GBR"]
[SourceTitle "BritBase"]
[Source "John Saunders"]
[SourceDate "2021.06.05"]
[SourceVersion "1"]
[SourceVersionDate "2021.06.05"]
[SourceQuality "1"]

1. e4 b6 2. d4 Bb7 3. Nc3 e6 4. Nf3 Ne7 5. Bd3 h6 6. Bf4 Ng6 7. Bg3 d6 8. O-O
Nd7 9. Qe2 c5 10. d5 e5 11. Nd2 a6 12. f4 b5 13. fxe5 Ndxe5 14. Bxe5 Nxe5 15.
Qf2 Qf6 16. Qg3 Qg6 17. Qxg6 Nxg6 18. Rf2 Be7 19. Raf1 c4 20. Be2 O-O 21. Bh5
Ne5 22. Nf3 f6 23. Nxe5 dxe5 24. Bg4 Bc5 25. Be6+ Kh8 26. Kh1 Bxf2 27. Rxf2 Bc8
28. Bxc8 Raxc8 29. Rd2 Rfd8 30. a3 Rc5 31. Na2 a5 32. Nc3 b4 33. Na4 Rb5 34. h3
bxa3 35. bxa3 Rb1+ 36. Kh2 Re1 37. d6 Rxe4 38. c3 Re3 39. d7 Rd3 40. Re2 R8xd7
41. Nc5 R7d5 42. Nxd3 cxd3 43. Rd2 e4 44. c4 Rc5 45. Kg3 g5 46. Kf2 Rxc4 47.
Ke3 f5 48. g3 Rc2 49. Rd1 Kg7 50. Kd4 d2 51. Ke3 Kf6 52. Ke2 Ke5 53. Kf2 Kd4
54. Ke2 e3 55. a4 Rc1 56. h4 Rxd1 57. h5 Re1+ 58. Kf3 d1=B+ 59. Kg2 f4 60. gxf4
Bf3+ 61. Kxf3 Rf1+ 62. Ke2 Rxf4 63. Ke1 Kd3 64. Kd1 e2+ 65. Kc1 e1=R+ 66. Kb2
Rc4 67. Ka2 Rb4 68. Ka3 Reb1 69. Ka2 g4 70. Ka3 Ra1# 0-1

[Event "GBR-ch107 U8"]
[Site "Milton Keynes"]
[Date "2021.10.03"]
[Round "6.4"]
[White "Verbytski, Oleg"]
[Black "Keerthi Kumar, Advait"]
[Result "1-0"]
[WhiteElo "1368"]
[BlackElo "1492"]
[PlyCount "75"]
[EventDate "2021.10.02"]
[EventType "swiss"]
[EventRounds "7"]
[EventCountry "GBR"]
[SourceTitle "BritBase"]
[Source "John Saunders"]
[SourceDate "2021.06.05"]
[SourceVersion "1"]
[SourceVersionDate "2021.06.05"]
[SourceQuality "1"]

1. e4 c5 2. b4 cxb4 3. a3 bxa3 4. Nf3 g6 5. d4 Bg7 6. Nxa3 d6 7. Nc4 Nf6 8. Bd3
O-O 9. Be3 Bg4 10. h3 Bd7 11. g4 d5 12. Ncd2 dxe4 13. Nxe4 Bc6 14. Ng3 Qd5 15.
Be2 Ne4 16. c4 Qd8 17. Nxe4 Bxe4 18. O-O Nc6 19. Nd2 f5 20. f3 Bxd4 21. Qb3
Bxe3+ 22. Qxe3 Qd4 23. Kf2 Qe5 24. fxe4 fxe4+ 25. Kg2 Rad8 26. Nxe4 Nd4 27. Bd3
Nb3 28. Rab1 Na5 29. Rb5 Qc7 30. Rxf8+ Rxf8 31. Ng5 a6 32. Rc5 Qb6 33. Ne6 Nb3
34. Qe5 Kf7 35. Qg7+ Kxe6 36. Re5+ Kd6 37. Qxe7+ Kc6 38. Re6# 1-0

[Event "GBR-ch107 U8"]
[Site "Milton Keynes"]
[Date "2021.10.03"]
[Round "6.5"]
[White "Veselow, Zoe"]
[Black "Maitret, Victor"]
[Result "1-0"]
[WhiteElo "1338"]
[BlackElo "1082"]
[PlyCount "89"]
[EventDate "2021.10.02"]
[EventType "swiss"]
[EventRounds "7"]
[EventCountry "GBR"]
[SourceTitle "BritBase"]
[Source "John Saunders"]
[SourceDate "2021.06.05"]
[SourceVersion "1"]
[SourceVersionDate "2021.06.05"]
[SourceQuality "1"]

1. e4 c5 2. Nf3 Nf6 3. Nc3 d6 4. d4 cxd4 5. Nxd4 e5 6. Nde2 Nbd7 7. g3 b6 8.
Bg2 Bb7 9. O-O Nc5 10. f3 Be7 11. Be3 O-O 12. b4 Ne6 13. f4 exf4 14. Nxf4 Nxf4
15. Bxf4 Rc8 16. Qd2 Re8 17. Rfe1 Nh5 18. Nd5 Nxf4 19. Nxf4 Bf6 20. Rad1 Be5
21. Nd5 Bxd5 22. Qxd5 Rxc2 23. Rf1 Qe7 24. Bf3 Qe6 25. Bh5 Qxd5 26. Rxd5 g6 27.
Bd1 Rxa2 28. Bb3 Rb2 29. Rd3 Rf8 30. Rdf3 Re2 31. Rxf7 Rxf7 32. Rxf7 Kh8 33.
Bd5 Rb2 34. Rxa7 Rxb4 35. Rb7 Ra4 36. Kg2 Rb4 37. Kh3 b5 38. Bc6 Bf6 39. Rxb5
Rxb5 40. Bxb5 Kg7 41. Kg4 h5+ 42. Kf3 Kh6 43. Ke3 Kg5 44. Kf3 h4 45. h3 1-0

[Event "GBR-ch107 U8"]
[Site "Milton Keynes"]
[Date "2021.10.03"]
[Round "6.6"]
[White "Han, Qixiang"]
[Black "Chen, George"]
[Result "0-1"]
[WhiteElo "888"]
[BlackElo "1113"]
[PlyCount "125"]
[EventDate "2021.10.02"]
[EventType "swiss"]
[EventRounds "7"]
[EventCountry "GBR"]
[SourceTitle "BritBase"]
[Source "John Saunders"]
[SourceDate "2021.06.05"]
[SourceVersion "1"]
[SourceVersionDate "2021.06.05"]
[SourceQuality "1"]

1. e4 c5 2. Nf3 Nc6 3. d4 cxd4 4. Nxd4 g6 5. c4 Nf6 6. Nc3 Nxd4 7. Qxd4 d6 8.
Bg5 Bg7 9. Qd2 O-O 10. Be2 Be6 11. O-O a5 12. Bh6 a4 13. Bxg7 Kxg7 14. Nb5 Nxe4
15. Qd4+ Nf6 16. Bf3 Qc8 17. b3 axb3 18. axb3 Rxa1 19. Rxa1 Bg4 20. Bxg4 Qxg4
21. Qxg4 Nxg4 22. h3 Ne5 23. Ra7 Rb8 24. Nc3 Nc6 25. Ra1 Nd4 26. b4 Nc2 27. Rb1
Na3 28. Re1 e6 29. c5 dxc5 30. bxc5 Rc8 31. Ne4 Rc6 32. Nd6 Rxc5 33. Nxb7 Rc7
34. Nd6 Rd7 35. Ne8+ Kh8 36. Nf6 Rd8 37. Ra1 Nc2 38. Ra2 Nd4 39. Rd2 Nf3+ 40.
gxf3 Rxd2 41. Kf1 Rd4 42. Ke2 Rh4 43. Ke3 Rxh3 44. Kf4 Rh4+ 45. Kg5 Ra4 46. Ne8
Ra5+ 47. Kg4 h5+ 48. Kh4 Kh7 49. Nf6+ Kg7 50. Ne8+ Kh6 51. Nd6 g5+ 52. Kg3 Kg6
53. Ne8 f5 54. Nd6 f4+ 55. Kh3 Ra3 56. Kg2 g4 57. fxg4 hxg4 58. Nc4 Ra2 59.
Ne5+ Kf5 60. Nd3 g3 61. Kf3 Rxf2+ 62. Nxf2 gxf2 63. Kxf2 0-1

[Event "GBR-ch107 U8"]
[Site "Milton Keynes"]
[Date "2021.10.03"]
[Round "6.7"]
[White "Pitel, Benedikt"]
[Black "Konara, Nuvee"]
[Result "1-0"]
[WhiteElo "963"]
[BlackElo "883"]
[PlyCount "21"]
[EventDate "2021.10.02"]
[EventType "swiss"]
[EventRounds "7"]
[EventCountry "GBR"]
[SourceTitle "BritBase"]
[Source "John Saunders"]
[SourceDate "2021.06.05"]
[SourceVersion "1"]
[SourceVersionDate "2021.06.05"]
[SourceQuality "1"]

1. c4 e5 2. Nc3 Bc5 3. g3 Nc6 4. Bg2 d6 5. d3 Be6 6. e4 Nf6 7. Nge2 O-O 8. O-O
Re8 9. h3 Qd7 10. Kh2 h6 11. f4 1-0

[Event "GBR-ch107 U8"]
[Site "Milton Keynes"]
[Date "2021.10.03"]
[Round "6.8"]
[White "Gao, Alex"]
[Black "Litvin, Theo"]
[Result "1-0"]
[WhiteElo "1015"]
[BlackElo "760"]
[PlyCount "121"]
[EventDate "2021.10.02"]
[EventType "swiss"]
[EventRounds "7"]
[EventCountry "GBR"]
[SourceTitle "BritBase"]
[Source "John Saunders"]
[SourceDate "2021.06.05"]
[SourceVersion "1"]
[SourceVersionDate "2021.06.05"]
[SourceQuality "1"]

1. e4 e5 2. Nf3 Nf6 3. Nxe5 Nc6 4. Nf3 Nxe4 5. Nc3 Nf6 6. d4 d5 7. Be3 Bb4 8.
a3 Ba5 9. b4 Nxb4 10. axb4 Bxb4 11. Bd2 O-O 12. Bd3 Re8+ 13. Ne2 Bxd2+ 14. Qxd2
Bg4 15. Ne5 Bh5 16. O-O Ng4 17. Nxg4 Bxg4 18. f3 Bh5 19. Ng3 Bg6 20. Bxg6 hxg6
21. Rfe1 Qf6 22. c3 a5 23. Rxe8+ Rxe8 24. Rxa5 Qc6 25. Qg5 Qxc3 26. Rxd5 Re1+
27. Nf1 Re8 28. Rd8 Rxd8 29. Qxd8+ Kh7 30. Qd7 f6 31. f4 c6 32. Qh3+ Qxh3 33.
gxh3 Kg8 34. Kf2 Kf7 35. Ke3 Ke6 36. Nd2 Kd5 37. Kd3 b6 38. Nc4 f5 39. Nxb6+
Ke6 40. Kc4 Kd6 41. h4 Kc7 42. Kc5 Kb7 43. d5 cxd5 44. Nxd5 Kc8 45. Kd6 Kd8 46.
Ne7 Ke8 47. Nxg6 Kf7 48. h5 Kf6 49. h3 Kf7 50. Ke5 Kg8 51. Kxf5 Kf7 52. h4 Kg8
53. h6 gxh6 54. Ke6 Kg7 55. f5 h5 56. f6+ Kxg6 57. f7 Kh7 58. Kf6 Kh6 59. f8=Q+
Kh7 60. Qf7+ Kh8 61. Qg7# 1-0